• 首页
  • 本馆介绍
  • 公告通知
  • 最新文献
  • 馆藏检索
  • 电子资源
  • 读者导购
  • 参考咨询
  • 我的图书馆
  • 登录
  • 详细信息显示
  • 放入我的书架
  • 预约/预借图书
  • 作者相关作品
  • 分类相关作品
  • 丛书相关作品
  • 出版社相关作品

书目信息

  • 表格格式
  • 工作单格式
  • 卡片格式
题名:
慕尼黑大叛卖
    
 
作者: 施展 著
分册:  
出版信息: 北京   商务印书馆  1977
页数: 45页
开本: 19cm
丛书名:
单 册:
中图分类: K151
科图分类:
主题词: 世界史:现代史 , 现代史:世界史
电子资源:
ISBN:
000 00608nam0 2200241 45
001 0177000207
005 20070926102500.26
010    @dCNY0.11
100    @a19951017d1977 em y0chiy0121 ea
101 0  @achi
102    @aCN@b110000
105    @ay z 000yy
200 10 @a慕尼黑大叛卖@Amu ni hei da pan mai@f施展著
210    @a北京@c商务印书馆@d1977
215    @a45页@d19cm
300    @a历史知识读物
606    @a世界史:现代史
606    @a现代史:世界史
690    @aK151@v3
701  0 @a施展@Ashi zhan@4著
801  2 @aCN@bNLC@c20070926
801  0 @aCN@bTSSF@c20060817
905    @a10447@dK151@e138
    
    慕尼黑大叛卖/施展著.-北京:商务印书馆,1977
    45页;19cm
    历史知识读物
    
    ISBN :CNY0.11
    
●
相关链接 在E读中查询图书 在五车中查询图书 在当当中查询图书 在豆瓣中查询图书


正题名:慕尼黑大叛卖     索取号:K151/138         预约/预借

序号 登录号 条形码 馆藏地/架位号 状态 备注
1 0460498   204604981   密集书库/ [索取号:K151/138] 在馆    
2 0462576   204625762   密集书库/ [索取号:K151/138] 在馆    
3 0462577   204625771   密集书库/ [索取号:K151/138] 在馆    
4 0462613   204626137   密集书库/ [索取号:K151/138] 在馆    
5 0462614   204626146   密集书库/ [索取号:K151/138] 在馆    
6 0466277   204662775   密集书库/ [索取号:K151/138] 在馆    
7 0466278   204662784   密集书库/ [索取号:K151/138] 在馆    
8 0609391   206093911   密集书库/ [索取号:K151/138] 在馆    
9 0609402   206094028   密集书库/ [索取号:K151/138] 在馆    
唐山师范学院图书馆 欢迎您!
大连网信软件有限公司© 版权所有